Statystyki dla Formuła 1 - składy zespołów 2003

Kliknij tutaj aby rozwiązać quiz!

Ogólne statystyki

  • Ten quiz został rozwiązany 26 razy
  • Średni wynik to 15 z 25

Statystyki odpowiedzi

ZespółKrajKierowcaRundy (w przypadku niepełnego sezonu)% Poprawnych
FerrariNiemcyMichael Schumacher
100%
WilliamsNiemcyRalf Schumacher1-13, 15-16
100%
RenaultHiszpaniaFernando Alonso
96%
FerrariBrazyliaRubens Barrichello
96%
BARWielka BrytaniaJenson Button
91%
McLarenFinlandiaKimi Raikkonen
91%
WilliamsKolumbiaJuan Pablo Montoya
87%
JaguarAustraliaMark Webber
87%
RenaultWłochyJarno Trulli
83%
McLarenWielka BrytaniaDavid Coulthard
74%
JordanWłochyGiancarlo Fisichella
74%
BARKanadaJacques Villeneuve1-15
74%
BARJaponiaTakuma Sato16
70%
MinardiHolandiaJos Verstappen
61%
SauberNiemcyNick Heidfeld
57%
JordanWęgryZsolt Baumgartner13-14
52%
ToyotaFrancjaOlivier Panis
48%
SauberNiemcyHeinz-Harald Frentzen
43%
JaguarBrazyliaAntonio Pizzonia1-11
26%
WilliamsHiszpaniaMarc Gene14
26%
ToyotaBrazyliaCristiano da Matta
17%
JaguarWielka BrytaniaJustin Wilson12-16
17%
MinardiWielka BrytaniaJustin Wilson1-11
17%
JordanIrlandiaRalph Firman1-12, 15-16
17%
MinardiDaniaNicolas Kiesa12-16
13%

Rozkład punktacji

Percentyl według liczby udzielonych odpowiedzi

Procent ludzi z każdym wynikiem

Twoja historia wyników

Nie rozwiązałeś tego quizu